000 00547nam a2200181 a 4500
005 20200104041542.0
008 140122b1998 ck ||||| |||| 00| 0 spa d
040 _cCO-BoIH
041 _aspa
090 _aIAVH
_b00246
100 _aCalderón Sáenz, Eduardo
_93427
110 _bInstituto de Investigación de Recursos Biológicos Alexander von Humboldt
_9204
245 _aLista de plantas colombianas en peligro
260 _aBogotá
_bInstituto Alexander von Humboldt
_c1998
300 _a24 p.
942 _cINFORME
_2z
945 _d2004-02-05
999 _c3707
_d3707